[Event "ICS rated blitz match"]
[Site "204.178.125.65"]
[Date "2001.08.06"]
[Round "?"]
[White "Gigabit"]
[Black "Hossa"]
[Result "0-1"]
[WhiteElo "2355"]
[BlackElo "2511"]
[PlyCount "55"]
[EventDate "2001.??.??"]

1. c4 Nf6 2. Nc3 e5 3. g3 Bc5 4. Bg2 O-O 5. e3 d6 6. Nge2 c6 7. O-O Be6 8. d4
exd4 9. exd4 Bb6 10. b3 d5 11. c5 Ba5 12. a3 Re8 13. b4 Bc7 14. Bf4 Bxf4 15.
Nxf4 Bf5 16. Qd2 Nbd7 17. Rfe1 Qc7 18. Rxe8+ Rxe8 19. Re1 Rxe1+ 20. Qxe1 Nf8
21. f3 Qd7 22. Qe5 Bc2 23. Bh3 Qd8 24. g4 N6d7 25. Qe2 Bb3 26. Ng2 Bc4 27. Qe4
dxe4 28. fxe4 {Gigabit resigns} 0-1

[Event "ICS rated blitz match"]
[Site "204.178.125.65"]
[Date "2001.08.06"]
[Round "?"]
[White "Hossa"]
[Black "sega"]
[Result "1-0"]
[WhiteElo "2520"]
[BlackElo "2093"]
[PlyCount "71"]
[EventDate "2001.??.??"]

1. d4 d5 2. Bg5 c6 3. Nd2 Nd7 4. e3 Ngf6 5. Ngf3 e6 6. Bd3 Be7 7. O-O O-O 8.
Qe2 Re8 9. c4 dxc4 10. Nxc4 c5 11. Qc2 h6 12. Bf4 Nd5 13. Bd6 Bxd6 14. Nxd6 Rf8
15. dxc5 Nb4 16. Bh7+ Kh8 17. Qd2 Nc6 18. Be4 Kg8 19. b4 Qe7 20. b5 Nce5 21.
Nxe5 Nxe5 22. Qd4 Nd7 23. c6 bxc6 24. Bxc6 Nb6 25. Bxa8 Nxa8 26. Rac1 Nb6 27.
Qe5 Bd7 28. Rfd1 Nd5 29. Rxd5 f6 30. Qe4 Qf7 31. Nxf7 Rxf7 32. Rxd7 Rxd7 33.
Qxe6+ Rf7 34. Rc7 Kh7 35. Qxf7 h5 36. Qxg7# {sega checkmated} 1-0

[Event "ICS rated blitz match"]
[Site "204.178.125.65"]
[Date "2001.08.06"]
[Round "?"]
[White "Hossa"]
[Black "monsoon"]
[Result "0-1"]
[WhiteElo "2523"]
[BlackElo "2568"]
[PlyCount "117"]
[EventDate "2001.??.??"]

1. d4 Nf6 2. Nf3 d5 3. e3 c5 4. dxc5 e6 5. b4 Bd7 6. Bd3 Nc6 7. Ba3 a6 8. c4
dxc4 9. Bxc4 a5 10. b5 Nb4 11. O-O Bxc5 12. Ne5 O-O 13. Bb2 Rc8 14. e4 Be8 15.
Qe2 Qc7 16. Ng4 Nxg4 17. Qxg4 g6 18. Na3 Qb6 19. Rad1 Rd8 20. Qh4 Rxd1 21. Rxd1
f5 22. e5 Rf7 23. Rc1 Rd7 24. Nb1 Nd3 25. Bxd3 Rxd3 26. a4 Rd5 27. Bc3 Be3 28.
Re1 Bd4 29. Bxd4 Rxd4 30. Qe7 Qd8 31. Qxe6+ Bf7 32. Qf6 Qxf6 33. exf6 Rxa4 34.
Nc3 Rc4 35. Re3 a4 36. Kf1 a3 37. Ke1 Rd4 38. Re7 a2 39. Nxa2 Bxa2 40. Rxb7 Rb4
41. Rg7+ Kf8 42. Ra7 Bd5 43. Rxh7 Rxb5 44. Rd7 Bxg2 45. Rg7 Bf3 46. Kd2 Bh5 47.
Rd7 Rb2+ 48. Ke3 Re2+ 49. Kf4 Rxf2+ 50. Kg3 Rc2 51. Kf4 Rxh2 52. Rg7 Re2 53.
Kg5 Re4 54. Kh6 f4 55. Rd7 f3 56. Rd2 Rf4 57. Rf2 Rf5 58. Rf1 f2 59. Kh7 {
Hossa resigns} 0-1

[Event "ICS rated blitz match"]
[Site "204.178.125.65"]
[Date "2001.08.06"]
[Round "?"]
[White "Fart"]
[Black "Hossa"]
[Result "0-1"]
[WhiteElo "2262"]
[BlackElo "2509"]
[PlyCount "110"]
[EventDate "2001.??.??"]

1. e4 c5 2. Nf3 d6 3. d4 cxd4 4. Nxd4 Nf6 5. Nc3 g6 6. Be3 Bg7 7. f3 O-O 8. Qd2
Nc6 9. O-O-O Bd7 10. h4 Nh5 11. g4 Ng3 12. Rh2 Nxf1 13. Rxf1 Qa5 14. Kb1 Be6
15. a3 Be5 16. Rhh1 Bc4 17. Rfg1 Bxd4 18. Bxd4 b5 19. h5 Nxd4 20. Qxd4 g5 21.
Nd5 Qd8 22. h6 e5 23. Qd2 Bxd5 24. Qxd5 Rb8 25. Rh5 Rb6 26. Qd2 f6 27. Qd5+ Rf7
28. Rd1 a5 29. Rh2 b4 30. a4 Qc7 31. Rhd2 b3 32. c3 Qc8 33. Rd3 Kf8 34. c4 Ra7
35. Rc3 Rc7 36. Rdd3 Rc5 37. Rxb3 Rxd5 38. cxd5 Qc4 39. Rbc3 Qxa4 40. Rc8+ Kf7
41. Rc1 Kg6 42. Rdc3 Kxh6 43. Rc7 Qb3 44. Rh1+ Kg6 45. Rc2 Qxf3 46. Rch2 Qxe4+
47. Ka1 Qa4+ 48. Kb1 Qxg4 49. Rh6+ Kf5 50. Rf1+ Ke4 51. Rhxf6 Qe2 52. R6f2
Rxb2+ 53. Ka1 Qxf2 54. Rxf2 Rxf2 55. Kb1 g4 {Fart resigns} 0-1

[Event "ICS rated blitz match"]
[Site "204.178.125.65"]
[Date "2001.08.06"]
[Round "?"]
[White "monsoon"]
[Black "Hossa"]
[Result "1-0"]
[WhiteElo "2582"]
[BlackElo "2515"]
[PlyCount "149"]
[EventDate "2001.??.??"]

1. d4 Nf6 2. c4 e6 3. Nc3 Bb4 4. Qc2 c5 5. dxc5 O-O 6. a3 Bxc5 7. Nf3 Nc6 8.
Bg5 Nd4 9. Nxd4 Bxd4 10. e3 Qa5 11. exd4 Qxg5 12. Qd2 Qxd2+ 13. Kxd2 b6 14. Bd3
Bb7 15. f3 d5 16. cxd5 Nxd5 17. Nxd5 Bxd5 18. Rac1 g6 19. Rc7 Rfc8 20. Rhc1
Rxc7 21. Rxc7 Kg7 22. Be4 Rd8 23. Ke3 a5 24. g4 g5 25. Bxd5 Rxd5 26. b3 Kf6 27.
Ke4 Rb5 28. Rc3 Rd5 29. a4 Rd6 30. Rc8 Kg7 31. Rc7 Kg6 32. Rc4 Kg7 33. h3 Kg6
34. f4 gxf4 35. Kxf4 Rd8 36. Ke4 Kg5 37. Rc6 Kh4 38. Rxb6 Kxh3 39. Rb7 Kxg4 40.
Rxf7 h5 41. Rg7+ Kh4 42. Ra7 Kg4 43. Rxa5 h4 44. Ra6 h3 45. Rxe6 Rh8 46. Rg6+
Kh4 47. Kf3 Rf8+ 48. Ke4 h2 49. Rh6+ Kg3 50. Rg6+ Kf2 51. Rh6 Kg1 52. Rg6+ Kf1
53. Rh6 Rf2 54. b4 Kg1 55. d5 Rb2 56. Kf5 Rf2+ 57. Ke5 Re2+ 58. Kd4 Rd2+ 59.
Kc5 Rc2+ 60. Kb5 Kg2 61. a5 h1=Q 62. Rxh1 Kxh1 63. d6 Rg2 64. d7 Kg1 65. d8=Q
Rg3 66. Qd4+ Kg2 67. Ka4 Rg8 68. Qd5+ Kg3 69. Qxg8+ Kf4 70. a6 Ke3 71. a7 Ke2
72. a8=Q Ke3 73. Qad5 Kf2 74. Qe4 Kf1 75. Qgg2# {Hossa checkmated} 1-0

[Event "ICS rated blitz match"]
[Site "204.178.125.65"]
[Date "2001.08.07"]
[Round "?"]
[White "Hossa"]
[Black "Fart"]
[Result "1-0"]
[WhiteElo "2502"]
[BlackElo "2272"]
[PlyCount "43"]
[EventDate "2001.??.??"]

1. d4 Nf6 2. c4 c5 3. d5 d6 4. Bf4 g6 5. Nc3 Bg7 6. e4 O-O 7. Be2 Bg4 8. Bxg4
Nxg4 9. Qxg4 Qa5 10. Nge2 Na6 11. O-O-O Nb4 12. a3 a6 13. Qd7 Bf6 14. Bh6 Rfd8
15. Qg4 b5 16. Bg5 bxc4 17. axb4 cxb4 18. Nb1 Bg7 19. Bxe7 Qa2 20. Rd2 Rdc8 21.
Ng1 Ra7 22. Qxc8+ {Fart resigns} 1-0

[Event "ICS rated blitz match"]
[Site "204.178.125.65"]
[Date "2001.08.07"]
[Round "?"]
[White "Fart"]
[Black "Hossa"]
[Result "0-1"]
[WhiteElo "2265"]
[BlackElo "2509"]
[PlyCount "118"]
[EventDate "2001.??.??"]

1. e4 c5 2. Nc3 Nc6 3. g3 g6 4. Bg2 Bg7 5. d3 e6 6. Be3 d6 7. Qd2 Nf6 8. h3 O-O
9. f4 Qa5 10. Nf3 d5 11. Bf2 dxe4 12. dxe4 Rd8 13. Qe2 Qb4 14. O-O Qxb2 15. Nb5
Nxe4 16. Qxe4 Qxb5 17. Rad1 Bd7 18. c4 Qa5 19. Ne5 Nxe5 20. fxe5 Bc6 21. Qf4
Bxg2 22. Kxg2 Qxa2 23. Kg1 b6 24. Rd6 Qe2 25. Be3 Rxd6 26. exd6 f5 27. Qf2 Qxc4
28. Rd1 Qb3 29. Qd2 Bd4 30. Bxd4 cxd4 31. Qxd4 Qxg3+ 32. Kh1 Qxh3+ 33. Kg1 Qg3+
34. Kh1 Rd8 35. d7 e5 36. Qd5+ Kg7 37. Qd6 Qf3+ 38. Kg1 Kf7 39. Rd5 Qe3+ 40.
Kh1 Qc1+ 41. Kh2 e4 42. Re5 Qf4+ 43. Kg1 Qe3+ 44. Kh2 Qf2+ 45. Kh1 Qe1+ 46. Kh2
Qe2+ 47. Kh1 Qf3+ 48. Kg1 Qg4+ 49. Kh1 Qh5+ 50. Kg1 Qh4 51. Qe6+ Kg7 52. Qe7+
Qxe7 53. Rxe7+ Kh6 54. Rf7 a5 55. Kf2 a4 56. Ke3 a3 57. Kd2 a2 58. Kc3 a1=Q+
59. Kc4 Qa2+ {Fart resigns} 0-1

[Event "ICS rated blitz match"]
[Site "204.178.125.65"]
[Date "2001.08.07"]
[Round "?"]
[White "NewHal9000"]
[Black "Hossa"]
[Result "1-0"]
[WhiteElo "2716"]
[BlackElo "2515"]
[PlyCount "76"]
[EventDate "2001.??.??"]

1. c4 Nf6 2. d4 c5 3. d5 d6 4. Nc3 e6 5. Nf3 Be7 6. e3 Na6 7. e4 O-O 8. Be2 Bd7
9. e5 Ng4 10. exd6 Bxd6 11. Ng5 Nf6 12. dxe6 Bxe6 13. Nxe6 fxe6 14. Bf3 Qb8 15.
Qe2 Be5 16. Bg5 Bxc3+ 17. bxc3 Qc8 18. O-O Rf7 19. Rfe1 Nc7 20. Qe3 Nd7 21.
Rad1 Kh8 22. Rd6 Rb8 23. Red1 b6 24. Bh5 g6 25. Bf3 Kg8 26. Bc6 Nf6 27. Bxf6
Rxf6 28. Rd7 Qf8 29. Rxc7 Rc8 30. Rxc8 Qxc8 31. Bd7 Qb8 32. Bxe6+ Kh8 33. Rd7
Qf4 34. Qxf4 Rxf4 35. Bd5 a6 36. Rd6 b5 37. Rxa6 b4 38. cxb4 cxb4 {
Hossa resigns} 1-0

[Event "ICS rated blitz match"]
[Site "204.178.125.65"]
[Date "2001.08.07"]
[Round "?"]
[White "nyul"]
[Black "Hossa"]
[Result "0-1"]
[WhiteElo "2044"]
[BlackElo "2509"]
[PlyCount "65"]
[EventDate "2001.??.??"]

1. e4 c5 2. c4 Nc6 3. d3 d6 4. Nc3 Nf6 5. Nf3 e5 6. h3 Be7 7. Be3 O-O 8. Qd2
Nd4 9. Be2 Bd7 10. Bd1 Qc7 11. b3 Bc6 12. a4 Qb6 13. Rb1 Qc7 14. O-O Nd7 15.
Nh2 Rab8 16. f4 f6 17. f5 Nb6 18. g4 Rbc8 19. Kf2 Bd8 20. Rg1 Re8 21. g5 fxg5
22. Bxg5 Qf7 23. Bxd8 Rexd8 24. Qg5 Ne6 25. Qh4 Nf4 26. Bc2 Rf8 27. Ne2 Qh5 28.
Qxh5 Nxh5 29. Rg5 Be8 30. Rbg1 Rc7 31. Ng3 Nf4 32. Ne2 Nxh3+ 33. Kg3 {
nyul resigns} 0-1

[Event "ICS rated blitz match"]
[Site "204.178.125.65"]
[Date "2001.08.07"]
[Round "?"]
[White "Hossa"]
[Black "Tinker"]
[Result "1-0"]
[WhiteElo "2511"]
[BlackElo "2442"]
[PlyCount "131"]
[EventDate "2001.??.??"]

1. c4 e5 2. Nf3 e4 3. Nd4 Nc6 4. Nxc6 dxc6 5. Nc3 Nf6 6. d4 Bb4 7. a3 Bxc3+ 8.
bxc3 h6 9. e3 O-O 10. Be2 c5 11. a4 cxd4 12. cxd4 Nd7 13. Ba3 Re8 14. O-O Qg5
15. Rb1 Nb6 16. Rb5 Qg6 17. Rh5 Bd7 18. a5 Ba4 19. Qc1 Nd7 20. Qb1 b6 21. Qb4
Bc2 22. Rc1 Bd3 23. Bd1 a6 24. Qd2 Nf6 25. Rh3 bxa5 26. Qxa5 c6 27. Rg3 Qh7 28.
Bd6 Rec8 29. Qe5 Kh8 30. Be7 Ng8 31. Bc5 Nf6 32. Qf4 a5 33. Be7 Ng8 34. Bd6 Ra7
35. Bg4 Re8 36. Bf5 g6 37. Be5+ Rxe5 38. Qxe5+ f6 39. Qb8 Rb7 40. Qc8 Rc7 41.
Qd8 Qe7 42. Qxe7 Nxe7 43. Bxg6 Ra7 44. f3 a4 45. Bxe4 Bxe4 46. fxe4 Kh7 47. Rf3
Kg7 48. Rf2 Nc8 49. c5 Re7 50. Ra2 Rxe4 51. Kf2 Ne7 52. Rxa4 Nd5 53. Ra6 Re6
54. Ra3 Kg6 55. Kf3 f5 56. Rb1 Nf6 57. Rb6 Kg5 58. g3 Nd5 59. Rb7 Re7 60. Rxe7
Nxe7 61. Ra6 Kh5 62. Ra7 Nd5 63. Rd7 Kg5 64. Rxd5 h5 65. Rd6 h4 66. gxh4+ {
Tinker resigns} 1-0

[Event "ICS Rated blitz match"]
[Site "204.178.125.65"]
[Date "2001.08.07"]
[Round "?"]
[White "Hossa"]
[Black "nyul"]
[Result "1-0"]
[WhiteElo "2524"]
[BlackElo "2042"]
[PlyCount "51"]
[EventDate "2001.??.??"]

1. c4 e5 2. Nf3 Nc6 3. Nc3 d6 4. d4 exd4 5. Nxd4 Nxd4 6. Qxd4 Qf6 7. Qxf6 Nxf6
8. Nb5 Kd8 9. Bg5 Be7 10. c5 d5 11. Bf4 Ne8 12. Rd1 c6 13. Nd6 Bxd6 14. cxd6
Bf5 15. f3 Kd7 16. e4 dxe4 17. g4 Bg6 18. Kf2 h5 19. g5 e3+ 20. Kxe3 Bf5 21.
Bd3 Bxd3 22. Kxd3 Rd8 23. Kc4 g6 24. Rhe1 Kc8 25. Re7 Rh7 26. d7+ {nyul resigns
} 1-0

[Event "ICS rated blitz match"]
[Site "204.178.125.65"]
[Date "2001.08.07"]
[Round "?"]
[White "nyul"]
[Black "Hossa"]
[Result "0-1"]
[WhiteElo "2040"]
[BlackElo "2526"]
[PlyCount "102"]
[EventDate "2001.??.??"]

1. e4 c5 2. c4 Nc6 3. d3 d6 4. Nc3 Nf6 5. Nf3 e5 6. h3 Be7 7. Be2 O-O 8. Be3
Nd4 9. Qd2 Nxe2 10. Qxe2 Bd7 11. O-O Bc6 12. Nh2 Qd7 13. f4 Rab8 14. b3 b5 15.
cxb5 Bxb5 16. Nxb5 Rxb5 17. f5 Qc6 18. Bg5 Qc7 19. Qe3 Nh5 20. Bxe7 Qxe7 21. g3
Nf6 22. Qg5 Qd8 23. Ng4 Nxg4 24. Qxd8 Rxd8 25. hxg4 f6 26. Rfc1 d5 27. Rc3 dxe4
28. dxe4 Rd4 29. Re1 Rd2 30. a4 Rb7 31. Rf1 Re2 32. Rxc5 h6 33. Rb1 Rxe4 34. a5
Rxg4 35. Kh2 Rg5 36. a6 Rb6 37. Ra5 Rxf5 38. b4 Rf2+ 39. Kg1 Rc2 40. b5 Kf7 41.
Rd1 Ke7 42. Rd5 Rb2 43. Rc5 Kd6 44. Rc8 e4 45. Ra8 e3 46. Rxa7 Rb1+ 47. Kg2 e2
48. Rb7 e1=Q 49. Rxb6+ Ke5 50. a7 Qf1+ 51. Kh2 Rb2# {nyul checkmated} 0-1

[Event "ICS rated blitz match"]
[Site "204.178.125.65"]
[Date "2001.08.07"]
[Round "?"]
[White "monsoon"]
[Black "Hossa"]
[Result "1-0"]
[WhiteElo "2608"]
[BlackElo "2528"]
[PlyCount "129"]
[EventDate "2001.??.??"]

1. e4 c5 2. Nf3 d6 3. d4 cxd4 4. Nxd4 Nf6 5. Nc3 g6 6. Be3 Bg7 7. f3 O-O 8. Qd2
Nc6 9. Bc4 Bd7 10. h4 Ne5 11. Bb3 Rc8 12. O-O-O Nc4 13. Bxc4 Rxc4 14. h5 Nxh5
15. g4 Nf6 16. Bh6 Nxe4 17. Qe3 Nxc3 18. Bxg7 Kxg7 19. Qh6+ Kf6 20. Qh4+ Kg7
21. Qxh7+ Kf6 22. g5+ Ke5 23. bxc3 Kd5 24. Qh4 Rxd4 25. Qe4+ Kc5 26. Qxd4+ Kc6
27. Rh4 b6 28. Rh7 Be6 29. Kb1 Kb7 30. Rdh1 Qd7 31. Qe4+ Kc7 32. f4 Qb5+ 33.
Qb4 Qa6 34. a3 Rb8 35. Re1 Kd7 36. Kc1 Rc8 37. Re4 Qf1+ 38. Kb2 Rc7 39. Qa4+ b5
40. Qa5 Kc6 41. Rh8 Bd5 42. Rd4 Bc4 43. Ra8 Qe1 44. a4 Qe2 45. Rxa7 Rxa7 46.
Qxa7 d5 47. Qa8+ Kc5 48. Qc8+ Kd6 49. Qb8+ Kd7 50. axb5 f6 51. Qa7+ Ke6 52. b6
Ba6 53. b7 Bxb7 54. Qxb7 Qg2 55. c4 Kf7 56. Qxd5+ Qxd5 57. Rxd5 Ke8 58. c5 e6
59. Rd1 Ke7 60. c6 e5 61. c7 exf4 62. c8=Q fxg5 63. Qd7+ Kf8 64. Qc7 Kg8 65.
Rd8# {Hossa checkmated} 1-0

[Event "ICS rated blitz match"]
[Site "204.178.125.65"]
[Date "2001.08.07"]
[Round "?"]
[White "QueenMaxima"]
[Black "Hossa"]
[Result "1/2-1/2"]
[WhiteElo "2485"]
[BlackElo "2516"]
[PlyCount "266"]
[EventDate "2001.??.??"]

1. d4 Nf6 2. Nf3 g6 3. c4 Bg7 4. Nc3 O-O 5. h3 c6 6. Bg5 d5 7. cxd5 cxd5 8. Qb3
Nc6 9. Bxf6 Bxf6 10. e3 e6 11. Rc1 Qe7 12. Be2 Bd7 13. O-O Na5 14. Qc2 Rac8 15.
Ne5 Bxe5 16. dxe5 Qh4 17. Rfd1 Nc6 18. Qb3 b6 19. Qa3 f6 20. Qd6 Rf7 21. Ba6
Rd8 22. Nxd5 fxe5 23. Nc7 Qxf2+ 24. Kh2 Nb8 25. Nxe6 Re8 26. Bc4 Qxe3 27. Nc7
Qf4+ 28. Kh1 Ref8 29. Nd5 Qg3 30. Nf6+ Kg7 31. Bxf7 Bxh3 32. Rc2 Rxf7 33. Ne8+
Kh6 34. Qxb8 Bg4 35. Rdc1 Rf5 36. Ng7 Rf7 37. Qd8 Kxg7 38. Rc7 Rxc7 39. Rxc7+
Kh6 40. Qd2+ Qf4 41. Qxf4+ exf4 42. Rf7 Be6 43. Rxa7 Bd5 44. Kg1 f3 45. Rd7
Bxa2 46. gxf3 b5 47. Kf2 g5 48. Kg3 Kg6 49. f4 h5 50. fxg5 Kxg5 51. Re7 Kf6 52.
Rc7 Bf7 53. Rc6+ Kf5 54. Rc5+ Ke4 55. Rxb5 Be8 56. Rg5 Kd4 57. Kf4 Kc4 58. Re5
Bf7 59. Re7 Bg8 60. Re3 Bd5 61. Rc3+ Kd4 62. Kg5 Bf7 63. Rc7 Be8 64. Re7 Ba4
65. Kxh5 Bc6 66. Kg4 Kc4 67. Rc7 Kc5 68. Kf4 Kb6 69. Re7 Kc5 70. Ke5 Bf3 71.
Rc7+ Kb5 72. Rc3 Bg4 73. Rg3 Be2 74. Re3 Bg4 75. Kd6 Bd1 76. Rd3 Bc2 77. Rc3
Bd1 78. Kd5 Kb4 79. Ke4 Ka5 80. Ke5 Kb4 81. Kd4 Be2 82. Ra3 Kb5 83. Re3 Bg4 84.
Ke5 Kc5 85. b4+ Kb5 86. Rd3 Bh5 87. Rd4 Bg6 88. Rf4 Bc2 89. Kd6 Bd3 90. Kd5 Bc2
91. Ke5 Bb3 92. Rg4 Bd1 93. Rd4 Bc2 94. Kf6 Bb3 95. Kf5 Bc2+ 96. Kg5 Bb3 97.
Kf6 Bc2 98. Rf4 Bd3 99. Ke7 Bc2 100. Kf8 Bd3 101. Rd4 Bc2 102. Rg4 Bd3 103. Ke7
Bc2 104. Rd4 Bb3 105. Kd6 Bc2 106. Rg4 Bd3 107. Kd5 Be2 108. Rd4 Bf1 109. Rf4
Be2 110. Rh4 Bd1 111. Ke5 Bc2 112. Kd6 Bd3 113. Kd5 Bc2 114. Ke5 Bg6 115. Rg4
Bh5 116. Rf4 Bg6 117. Ke6 Bc2 118. Ke7 Bd3 119. Kd6 Bc2 120. Rd4 Bg6 121. Ke6
Bh7 122. Ke7 Bc2 123. Kf8 Bb3 124. Ke8 Kc6 125. Rd3 Bc4 126. Rd2 Kb5 127. Rb2
Ka4 128. Ke7 Ka3 129. Rb1 Bd3 130. Kd6 Bxb1 131. b5 Bc2 132. b6 Be4 133. b7
Bxb7 {Game drawn because neither player has mating material} 1/2-1/2

[Event "ICS rated blitz match"]
[Site "204.178.125.65"]
[Date "2001.08.07"]
[Round "?"]
[White "Hossa"]
[Black "monsoon"]
[Result "0-1"]
[WhiteElo "2515"]
[BlackElo "2608"]
[PlyCount "107"]
[EventDate "2001.??.??"]

1. c4 c5 2. Nf3 Nc6 3. d4 cxd4 4. Nxd4 Nf6 5. Nc3 e6 6. Ndb5 d5 7. Bf4 e5 8.
cxd5 exf4 9. dxc6 bxc6 10. Qxd8+ Kxd8 11. O-O-O+ Bd7 12. Nd6 Bxd6 13. Rxd6 Ke7
14. Rd4 Nd5 15. Nxd5+ cxd5 16. Rxf4 Rab8 17. b3 Rhc8+ 18. Kd2 Rc5 19. b4 Rc7
20. Rd4 a5 21. bxa5 Rb1 22. a6 Rcc1 23. e4 Rd1+ 24. Ke3 Rxf1 25. Rxf1 Rxf1 26.
a7 Bc6 27. exd5 Ba8 28. Ke2 Rc1 29. Re4+ Kd7 30. Rf4 f6 31. Rg4 g5 32. Ra4 Rc8
33. f3 Bxd5 34. Ke3 Bc6 35. Ra3 Kc7 36. h4 gxh4 37. Kf4 Rf8 38. Kf5 Bd7+ 39.
Ke4 Kb7 40. Kd5 h3 41. gxh3 Bxh3 42. Kd6 Ra8 43. Ke7 f5 44. f4 Bg4 45. Kf6 Rxa7
46. Rxa7+ Kxa7 47. Ke5 h5 48. Kd4 Kb6 49. Ke3 Kc5 50. a4 Kb4 51. a5 Kxa5 52.
Kd4 Kb4 53. Ke3 Kc3 54. Kf2 {Hossa resigns} 0-1

[Event "ICS rated blitz match"]
[Site "204.178.125.65"]
[Date "2001.08.07"]
[Round "?"]
[White "warmduscher"]
[Black "Hossa"]
[Result "0-1"]
[WhiteElo "2022"]
[BlackElo "2503"]
[PlyCount "32"]
[EventDate "2001.??.??"]

1. e3 Nf6 2. Nf3 d5 3. Be2 Nbd7 4. b3 e5 5. d4 exd4 6. Nxd4 Ne5 7. O-O Bd6 8.
Nd2 O-O 9. Bb2 Re8 10. c4 c6 11. cxd5 Nxd5 12. Ne4 Bc7 13. Ng3 Qh4 14. Qc2 Ng4
15. h3 Ngxe3 16. fxe3 Nxe3 {warmduscher resigns} 0-1

[Event "ICS rated blitz match"]
[Site "204.178.125.65"]
[Date "2001.08.07"]
[Round "?"]
[White "Hossa"]
[Black "NewHal9000"]
[Result "0-1"]
[WhiteElo "2505"]
[BlackElo "2732"]
[PlyCount "148"]
[EventDate "2001.??.??"]

1. c4 Nf6 2. d4 e6 3. Nc3 Bb4 4. a3 Bxc3+ 5. bxc3 c5 6. e3 d6 7. dxc5 dxc5 8.
Qxd8+ Kxd8 9. Bd3 Ke7 10. e4 Rd8 11. Bc2 Nc6 12. Nf3 e5 13. Be3 b6 14. O-O Bg4
15. Nd2 Be6 16. h3 Na5 17. f4 exf4 18. Rxf4 Nxc4 19. Nxc4 Bxc4 20. Rf3 Nd7 21.
Bf4 Nf8 22. e5 Ne6 23. Be3 Rd7 24. Bf2 h6 25. Bh4+ g5 26. Be1 Nf4 27. Bf5 Be6
28. Bc2 Bc4 29. Bf5 Be6 30. Bc2 Kf8 31. Ba4 Re7 32. Bg3 Ne2+ 33. Kf2 Nxg3 34.
Kxg3 Bc4 35. Re1 Kg7 36. Bc2 Rae8 37. Rf5 Rd8 38. a4 Rd2 39. Rf2 Red7 40. Be4
Bb3 41. Rxd2 Rxd2 42. Rc1 Bxa4 43. Ra1 b5 44. Kg4 a5 45. Kf3 Rd1 46. Ra3 Re1
47. Bd3 Rxe5 48. Kf2 c4 49. Bxc4 Bc2 50. Ra2 Be4 51. Be2 a4 52. c4 bxc4 53.
Bxc4 Bc6 54. g3 Rc5 55. Bd3 Rc3 56. Ke2 a3 57. Kd2 Rb3 58. Ra1 Bd5 59. h4 Kf6
60. Rg1 a2 61. Ra1 Ke5 62. hxg5 Kd4 63. Bh7 Rxg3 64. Bc2 Rg2+ 65. Kc1 Kc3 66.
Kd1 Rg1+ 67. Ke2 Rxa1 68. Ba4 Re1+ 69. Kxe1 a1=Q+ 70. Kf2 Qa2+ 71. Bc2 Qxc2+
72. Kg3 Qg2+ 73. Kh4 Bf3 74. gxh6 Qg4# {Hossa checkmated} 0-1

[Event "ICS rated blitz match"]
[Site "204.178.125.65"]
[Date "2001.08.07"]
[Round "?"]
[White "Hossa"]
[Black "warmduscher"]
[Result "1-0"]
[WhiteElo "2498"]
[BlackElo "2045"]
[PlyCount "25"]
[EventDate "2001.??.??"]

1. d4 c5 2. d5 Nf6 3. Nc3 Qa5 4. e3 Ne4 5. Qd3 Nxc3 6. Bd2 e5 7. dxe6 fxe6 8.
Bxc3 Qc7 9. Be2 h5 10. Qg6+ Kd8 11. Bxg7 Bxg7 12. Qg5+ Ke8 13. Qxg7 {
warmduscher resigns} 1-0

[Event "ICS rated blitz match"]
[Site "204.178.125.65"]
[Date "2001.08.07"]
[Round "?"]
[White "Shredster"]
[Black "Hossa"]
[Result "1-0"]
[WhiteElo "2640"]
[BlackElo "2500"]
[PlyCount "133"]
[EventDate "2001.??.??"]

1. d4 Nf6 2. c4 e6 3. Nf3 b6 4. g3 Bb7 5. Bg2 Be7 6. O-O O-O 7. d5 exd5 8. Nh4
c6 9. cxd5 Nxd5 10. Nf5 Nf6 11. e4 d6 12. Bf4 d5 13. Nc3 Bb4 14. exd5 cxd5 15.
a3 Bxc3 16. bxc3 Qd7 17. Bh3 Kh8 18. Be5 Qd8 19. Nxg7 Nc6 20. Bxf6 Qxf6 21. Nf5
Ne5 22. Re1 Rfe8 23. Nd4 Qh6 24. Bg2 Qg6 25. Qa4 a6 26. f4 b5 27. Nxb5 axb5 28.
Qd4 f6 29. fxe5 fxe5 30. Rxe5 Rxe5 31. Re1 Qg5 32. Rxe5 Qg7 33. Bxd5 Bxd5 34.
Qxd5 Qa7+ 35. Kg2 Rf8 36. Qd4 Qxd4 37. cxd4 Rd8 38. d5 Kg7 39. Kf3 Kf6 40. Re6+
Kf7 41. Ke4 Ra8 42. Rb6 Rxa3 43. Rxb5 Ra2 44. Rb7+ Kg6 45. Rb6+ Kg7 46. h4 Re2+
47. Kf5 Rf2+ 48. Kg5 Rf7 49. g4 Rd7 50. d6 Rf7 51. Rc6 h6+ 52. Kh5 Rf8 53. Rc7+
Kf6 54. Kxh6 Ke6 55. d7 Rh8+ 56. Kg7 Rd8 57. h5 Ke5 58. h6 Kd6 59. Ra7 Kc6 60.
h7 Kc5 61. h8=Q Rxh8 62. Kxh8 Kd4 63. d8=Q+ Ke3 64. Qd5 Kf2 65. Qd3 Kg1 66. Ra2
Kh1 67. Qf1# {Hossa checkmated} 1-0

[Event "ICS rated blitz match"]
[Site "204.178.125.65"]
[Date "2001.08.07"]
[Round "?"]
[White "Hossa"]
[Black "motorhome"]
[Result "1-0"]
[WhiteElo "2490"]
[BlackElo "2276"]
[PlyCount "67"]
[EventDate "2001.??.??"]

1. e4 c5 2. Nf3 Nc6 3. d4 cxd4 4. c3 g6 5. cxd4 d6 6. d5 Ne5 7. Nxe5 dxe5 8.
Bd3 Bg7 9. O-O Nf6 10. Be3 O-O 11. Nc3 Ng4 12. Bg5 h6 13. Bd2 f5 14. Qe2 f4 15.
Rac1 f3 16. gxf3 Nf6 17. Nb5 Bh3 18. Rfd1 Nh5 19. Nc7 Rf4 20. Nxa8 e6 21. Kh1
Qh4 22. d6 g5 23. Rc8+ Kh7 24. d7 Bf6 25. d8=Q Bxd8 26. Rxd8 g4 27. Rd7+ Kg6
28. Rg1 Kf6 29. Nc7 Ng7 30. Bxf4 exf4 31. e5+ Kg5 32. Rxg7+ Kh5 33. Bg6+ Kg5
34. Nxe6# {motorhome checkmated} 1-0

[Event "ICS rated blitz match"]
[Site "204.178.125.65"]
[Date "2001.08.07"]
[Round "?"]
[White "motorhome"]
[Black "Hossa"]
[Result "0-1"]
[WhiteElo "2269"]
[BlackElo "2497"]
[PlyCount "64"]
[EventDate "2001.??.??"]

1. e4 c5 2. Nf3 d6 3. d4 cxd4 4. Nxd4 Nf6 5. Nc3 g6 6. Be3 Bg7 7. f3 O-O 8. Qd2
Nc6 9. Bc4 Nxd4 10. Bxd4 Qc7 11. Bb3 Qa5 12. h4 Be6 13. h5 Bxb3 14. cxb3 gxh5
15. a3 Rfc8 16. b4 Qc7 17. Bxf6 Bxf6 18. Nd5 Qc2 19. Qe3 Qxb2 20. Rd1 Rc2 21.
Rxh5 Rxg2 22. Rh1 Rc8 23. Rg1 Bh4+ 24. Kf1 Rcc2 25. Rxg2+ Rxg2 26. Nf4 Rf2+ 27.
Kg1 Qg7+ 28. Kh1 Qg3 29. Qxf2 Qxf2 30. Rg1+ Bg3 31. Rxg3+ Qxg3 32. Nd5 Qxf3+ {
motorhome resigns} 0-1

[Event "ICS rated blitz match"]
[Site "204.178.125.65"]
[Date "2001.08.07"]
[Round "?"]
[White "Hossa"]
[Black "monsoon"]
[Result "1-0"]
[WhiteElo "2506"]
[BlackElo "2605"]
[PlyCount "109"]
[EventDate "2001.??.??"]

1. d4 Nf6 2. c4 g6 3. Nc3 d5 4. cxd5 Nxd5 5. e4 Nxc3 6. bxc3 Bg7 7. Bb5+ c6 8.
Ba4 O-O 9. Nf3 Bg4 10. Be3 Bxf3 11. gxf3 Nd7 12. h4 Qa5 13. Bd2 e5 14. h5 Qc7
15. dxe5 Nxe5 16. Qe2 Rad8 17. Bc2 Qa5 18. hxg6 fxg6 19. f4 Rxd2 20. Kxd2 Rd8+
21. Ke1 Qxc3+ 22. Kf1 Qxa1+ 23. Kg2 Qxa2 24. fxe5 b5 25. Rh3 Kh8 26. Qg4 Qg8
27. Bb3 Qe8 28. Qh4 h6 29. Bf7 Qf8 30. Bxg6 Rd7 31. e6 Rd6 32. Rf3 Qg8 33. e5
Qxe6 34. exd6 Qxg6+ 35. Qg3 Qe8 36. Rd3 Bf6 37. d7 Qe4+ 38. Kg1 Bd8 39. Re3 Qd5
40. Re8+ Kh7 41. Rxd8 Qd1+ 42. Kg2 Qd5+ 43. Qf3 Qg5+ 44. Kh3 Qxd8 45. Qf7+ Kh8
46. Qe8+ Qxe8 47. dxe8=Q+ Kg7 48. f4 Kf6 49. Qe5+ Kf7 50. f5 h5 51. Qe6+ Kg7
52. Qg6+ Kf8 53. f6 a5 54. Qg7+ Ke8 55. Qe7# {monsoon checkmated} 1-0

[Event "ICS rated blitz match"]
[Site "204.178.125.65"]
[Date "2001.08.07"]
[Round "?"]
[White "Hossa"]
[Black "ChesterX"]
[Result "0-1"]
[WhiteElo "2531"]
[BlackElo "2679"]
[PlyCount "129"]
[EventDate "2001.??.??"]

1. e4 c6 2. d4 d5 3. Nd2 dxe4 4. Nxe4 Nd7 5. Nf3 Ngf6 6. Ng3 c5 7. dxc5 e6 8.
b4 Be7 9. Bc4 O-O 10. O-O Qc7 11. Nd4 b6 12. Qe2 Nb8 13. Nb5 Qc6 14. Bf4 bxc5
15. Nf5 exf5 16. Qxe7 cxb4 17. Qxb4 Na6 18. Qc3 Be6 19. Bxe6 Qxe6 20. Nd4 Rfc8
21. Qg3 Qe4 22. Be5 Nh5 23. Qe3 Rc5 24. Nf3 Rxc2 25. Qg5 Qg4 26. Qxg4 fxg4 27.
Nd4 Rc5 28. Rfe1 f6 29. Bg3 Kf7 30. Re4 Nxg3 31. fxg3 h5 32. Rae1 Rc7 33. Ne6
Rd7 34. h3 gxh3 35. gxh3 Rc8 36. Nf4 g6 37. R4e2 Rc4 38. Kg2 h4 39. Ne6 hxg3
40. Kxg3 Nb4 41. Rf1 Rd3+ 42. Kg2 Rd5 43. Rb1 Rd7 44. Rf1 f5 45. a3 Nc2 46. Rf3
Kf6 47. Nf8 Re7 48. Kf1 Rxe2 49. Kxe2 Nd4+ 50. Kd3 Nxf3 51. Kxc4 g5 52. Kd5 Ng1
53. Nd7+ Kg7 54. Ne5 Nxh3 55. Ke6 g4 56. Kxf5 g3 57. Nf3 g2 58. Ke5 Kh6 59. Kd4
Kh5 60. a4 Kg4 61. Ke3 Kg3 62. a5 a6 63. Ke2 Kf4 64. Nd4 g1=Q 65. Kd3 {
Hossa resigns} 0-1